[Event "III Memorial Aldo Perini A"]
[Site "Senigallia ITA"]
[Date "2009.08.05"]
[Round "5"]
[White "Lavric, Mihail"]
[Black "Bortolussi, Andrea"]
[Result "1/2-1/2"]
[WhiteElo "1986"]
[BlackElo "1852"]
[PlyCount "126"]
[EventDate "2009.08.01"]

1. d4 Nf6 2. c4 e6 3. Nf3 b6 4. a3 Bb7 5. Nc3 d5 6. cxd5 Nxd5 7. Qc2 Nd7 8.
Nxd5 exd5 9. Bg5 f6 10. Bf4 c5 11. e3 g6 12. Bd3 Kf7 13. h4 c4 14. Be2 Bg7 15.
h5 b5 16. g4 Qe7 17. Nd2 Rhe8 18. Bf3 Nb6 19. Kf1 Qe6 20. Bg2 Rac8 21. Bh3 Na4
22. b3 cxb3 23. Qxb3 Rc3 24. Qb1 Rec8 25. Kg2 a6 26. Kg3 Rc2 27. hxg6+ hxg6 28.
g5 f5 29. Qe1 Rh8 30. Rc1 Qc6 31. Rxc2 Qxc2 32. Nf3 Nc3 33. Ne5+ Bxe5 34. Bxe5
Ne4+ 35. Kg2 Rh5 36. Bf4 Nxg5 37. Bxg5 Rxg5+ 38. Kf3 Rh5 39. Kg3 Rg5+ 40. Kf3
Rh5 41. Kg3 Qc7+ 42. f4 Qe7 43. Bg2 Rxh1 44. Bxh1 Qxa3 45. Bf3 Kg7 46. Kh4 a5
47. Qg1 Qe7+ 48. Kh3 a4 49. Qc1 b4 50. Bd1 b3 51. Qc3 Qd7 52. Qb4 Kf7 53. Kg3
Bc6 54. Qb8 Qb7 55. Qh8 Qe7 56. Kf2 b2 57. Bc2 a3 58. Bb1 Bb5 59. Qh7+ Kf6 60.
Qh8+ Kf7 61. Qh7+ Kf8 62. Qh8+ Kf7 63. Qh7+ Kf6 1/2-1/2

[Event "III Memorial Aldo Perini A"]
[Site "Senigallia ITA"]
[Date "2009.08.05"]
[Round "5"]
[White "Lucchi, Lorenzo"]
[Black "Ferrante, Marco"]
[Result "1/2-1/2"]
[WhiteElo "2040"]
[BlackElo "2128"]
[PlyCount "72"]
[EventDate "2009.08.01"]

1. e4 e6 2. d3 c5 3. g3 Nc6 4. Bg2 g6 5. Be3 Bg7 6. Qc1 d5 7. exd5 exd5 8. Bxc5
Qa5+ 9. b4 Nxb4 10. Bxb4 Qxb4+ 11. c3 Qe7+ 12. Ne2 Bg4 13. Qe3 O-O-O 14. h3
Bxe2 15. Qxe7 Nxe7 16. Kxe2 Rhe8 17. d4 Nc6+ 18. Kd3 b5 19. a3 Na5 20. Nd2 Nc4
21. Rhe1 Bh6 22. f4 Bf8 23. Nxc4 dxc4+ 24. Kd2 Kc7 25. Rab1 a6 26. a4 Rc8 27.
Kc2 Rb8 28. Kd2 Bd6 29. Bd5 f6 30. Kc2 g5 31. axb5 axb5 32. Ra1 Kb6 33. Re6 Kc7
34. f5 Rf8 35. g4 h5 36. Ree1 Rh8 1/2-1/2

[Event "III Memorial Aldo Perini A"]
[Site "Senigallia ITA"]
[Date "2009.08.05"]
[Round "5"]
[White "Magini, Fabio"]
[Black "Quattrini, Massimo"]
[Result "1-0"]
[WhiteElo "2005"]
[BlackElo "1904"]
[PlyCount "95"]
[EventDate "2009.08.01"]

1. e4 c5 2. c3 Nf6 3. e5 Nd5 4. d4 cxd4 5. cxd4 Nc6 6. Nf3 d6 7. Bc4 Nb6 8. Bb3
dxe5 9. dxe5 Qxd1+ 10. Bxd1 g6 11. O-O Bg7 12. Re1 Nc4 13. Ba4 O-O 14. Bxc6
bxc6 15. b3 Nb6 16. Ba3 Nd5 17. Nbd2 Rd8 18. Rac1 Bb7 19. Ne4 Rac8 20. Nc5 Ba8
21. g3 a5 22. Rc4 Nb6 23. Rc2 e6 24. Ne4 Nd5 25. Nd6 Rc7 26. Bc5 Bh6 27. a3 Bf8
28. Nd4 Bxd6 29. Bxd6 Rcc8 30. Rec1 g5 31. Nxc6 Bxc6 32. Rxc6 Ra8 33. Kg2 Ra7
34. Rc8 Rxc8 35. Rxc8+ Kg7 36. Kf3 Rb7 37. Rb8 Rxb8 38. Bxb8 Kf8 39. Kg4 h6 40.
Bd6+ Kg7 41. b4 axb4 42. axb4 Nc3 43. Kh5 Nd5 44. b5 f5 45. Bc5 Nc7 46. b6 Ne8
47. b7 Kh7 48. Bf8 1-0

[Event "III Memorial Aldo Perini A"]
[Site "Senigallia ITA"]
[Date "2009.08.05"]
[Round "5"]
[White "Marsili, Riccardo"]
[Black "Castellano, Alfonso"]
[Result "1-0"]
[WhiteElo "1873"]
[BlackElo "1952"]
[PlyCount "44"]
[EventDate "2009.08.01"]

1. e4 c5 2. Nf3 d6 3. d4 cxd4 4. Nxd4 Nf6 5. Nc3 a6 6. f3 e5 7. Nb3 Be6 8. Be3
Nbd7 9. Qd2 Be7 10. O-O-O Nb6 11. g4 Rc8 12. g5 Nfd7 13. h4 Nc4 14. Bxc4 Rxc4
15. h5 b5 16. g6 hxg6 17. hxg6 Rxh1 18. Rxh1 f5 19. Rh7 Bf8 20. Rh8 Nb6 21. Na5
Rc8 22. Nb7 Rc6 1-0

[Event "III Memorial Aldo Perini A"]
[Site "Senigallia ITA"]
[Date "2009.08.05"]
[Round "5"]
[White "Mazzariol, Oscar"]
[Black "Di Trapani, Davide"]
[Result "1/2-1/2"]
[WhiteElo "2067"]
[BlackElo "1883"]
[PlyCount "69"]
[EventDate "2009.08.01"]

1. d4 d5 2. c4 e6 3. Nc3 Nf6 4. cxd5 exd5 5. Bg5 Be7 6. e3 Bf5 7. Bxf6 Bxf6 8.
Qb3 c6 9. Qxb7 Qb6 10. Qxb6 axb6 11. Nf3 O-O 12. Kd2 Rd8 13. Bd3 Bxd3 14. Kxd3
c5 15. Rhc1 Nc6 16. a4 c4+ 17. Ke2 Rd7 18. b3 Na5 19. Nd2 Re8 20. Kd1 cxb3 21.
Rab1 Re6 22. Nxb3 Nb7 23. Nb5 Bd8 24. Rc8 Kf8 25. Rbc1 Ke7 26. R1c6 Nd6 27.
Nxd6 Rdxd6 28. Rxd6 Rxd6 29. h4 Kd7 30. Rc2 Bxh4 31. Ke2 Bd8 32. f3 f5 33. Nc1
Re6 34. Nd3 Bc7 35. f4 1/2-1/2

[Event "III Memorial Aldo Perini A"]
[Site "Senigallia ITA"]
[Date "2009.08.05"]
[Round "5"]
[White "Miandro, Steven"]
[Black "Danese, Aldo"]
[Result "1/2-1/2"]
[WhiteElo "1878"]
[BlackElo "1956"]
[PlyCount "119"]
[EventDate "2009.08.01"]

1. d4 c6 2. c4 d6 3. Nc3 g6 4. e4 Bg7 5. f3 Nf6 6. Be3 Nbd7 7. Qd2 Qc7 8. O-O-O
a6 9. Kb1 Rb8 10. Rc1 c5 11. d5 Ne5 12. h3 Bd7 13. f4 Nxc4 14. Bxc4 b5 15. Bd3
c4 16. Nce2 Qb7 17. Nd4 cxd3 18. Qxd3 O-O 19. Ngf3 Rbc8 20. g4 Rc4 21. g5 Nh5
22. Rxc4 bxc4 23. Qxc4 Ng3 24. Rh2 Rc8 25. Qd3 Qb4 26. Rg2 Rb8 27. Bc1 Nh5 28.
h4 e5 29. fxe5 dxe5 30. Ne2 f5 31. gxf6 Nxf6 32. Nc3 Nh5 33. Rc2 h6 34. d6 Rb6
35. Nd5 Qxd6 36. Rd2 Rb7 37. Qc4 Qe6 38. Qd3 Bb5 39. Qc3 Qc6 40. Qxc6 Bxc6 41.
Nc3 Ng3 42. Rd6 Rc7 43. Nd5 Bxd5 44. exd5 Rc5 45. Rxa6 Rxd5 46. Rxg6 Nf5 47.
Ra6 Kf7 48. a4 e4 49. Nd2 e3 50. Nf3 e2 51. Kc2 Nxh4 52. Ne1 Nf5 53. a5 Be5 54.
Ra7+ Ke6 55. a6 Bd4 56. Rh7 Bf2 57. Ng2 Ne3+ 58. Bxe3 Bxe3 59. a7 Ra5 60. Kd3
1/2-1/2

[Event "III Memorial Aldo Perini A"]
[Site "Senigallia ITA"]
[Date "2009.08.05"]
[Round "5"]
[White "Natoli, Domenico"]
[Black "Amedeo, Riccardo"]
[Result "0-1"]
[WhiteElo "1883"]
[BlackElo "2000"]
[PlyCount "74"]
[EventDate "2009.08.01"]

1. d4 Nf6 2. c4 c5 3. d5 d6 4. Nc3 g6 5. e4 Bg7 6. Bd3 O-O 7. f4 a6 8. a4 Re8
9. Nf3 e6 10. O-O Qb6 11. a5 Qc7 12. Qc2 exd5 13. cxd5 b5 14. axb6 Qxb6 15. Na4
Qa7 16. Kh1 a5 17. Nc3 Qb6 18. Be3 Ba6 19. f5 gxf5 20. Ng5 h6 21. Nh3 fxe4 22.
Bxa6 Nxa6 23. Bxh6 Bxh6 24. Rxf6 Bg7 25. Rf4 Nb4 26. Qe2 Nd3 27. Rxe4 Rxe4 28.
Nxe4 Qxb2 29. Qxb2 Nxb2 30. Rf1 a4 31. Nd2 c4 32. Ng5 c3 33. Nb1 a3 34. Nxa3
Rxa3 35. Nxf7 Nc4 36. Ng5 c2 37. Nf3 Ra1 0-1

[Event "III Memorial Aldo Perini A"]
[Site "Senigallia ITA"]
[Date "2009.08.05"]
[Round "5"]
[White "Neri, Angelo"]
[Black "Boraso, Alessio"]
[Result "1-0"]
[WhiteElo "1972"]
[BlackElo "1862"]
[PlyCount "141"]
[EventDate "2009.08.01"]

1. e4 c5 2. Nf3 Nc6 3. d4 cxd4 4. Nxd4 Nf6 5. Nc3 e5 6. Nf3 Bb4 7. Bc4 O-O 8.
Bd5 d6 9. O-O Bg4 10. Be3 Bxc3 11. bxc3 Nxd5 12. exd5 Ne7 13. h3 Bh5 14. g4 Bg6
15. c4 f5 16. Nh4 f4 17. Nxg6 Nxg6 18. Bd2 Rc8 19. Rb1 b6 20. Rb4 f3 21. Kh2
Qh4 22. Qe1 Nf4 23. Bxf4 Rxf4 24. c5 Rxb4 25. Qxb4 Rxc5 26. Qa4 Qe7 27. Qe4 Qf7
28. Rd1 g5 29. Rd2 Qf4+ 30. Qxf4 gxf4 31. h4 Rc4 32. g5 Re4 33. Rd3 Rc4 34.
Rxf3 Rxc2 35. Kh3 Rc5 36. Rd3 b5 37. Kg4 b4 38. Kf5 Kf7 39. h5 Rc3 40. g6+
hxg6+ 41. hxg6+ Kg7 42. Rd1 Rh3 43. Rc1 Rh5+ 44. Ke6 Kxg6 45. Rg1+ Kh7 46. Kxd6
e4 47. Kc6 Rh2 48. d6 Rxf2 49. Rd1 Rc2+ 50. Kb7 Rg2 51. d7 Rg7 52. Rh1+ Kg8 53.
Rg1 Rxg1 54. d8=Q+ Kf7 55. Qd5+ Kg6 56. Qxe4+ Kg5 57. Qe5+ Kh4 58. Qxf4+ Rg4
59. Qf2+ Kh3 60. Kxa7 Rg2 61. Qf5+ Kh4 62. Qh7+ Kg3 63. Qg8+ Kf3 64. Qd5+ Kf2
65. Kb6 Rg4 66. Qf5+ Kg3 67. Kc5 Rf4 68. Qxf4+ Kxf4 69. Kxb4 Ke5 70. Kc5 Ke6
71. Kc6 1-0

[Event "III Memorial Aldo Perini A"]
[Site "Senigallia ITA"]
[Date "2009.08.05"]
[Round "5"]
[White "Rago, Riccardo"]
[Black "Raselli, Claudio"]
[Result "1/2-1/2"]
[WhiteElo "2088"]
[BlackElo "1984"]
[PlyCount "79"]
[EventDate "2009.08.01"]

1. e4 d5 2. exd5 Qxd5 3. Nc3 Qe5+ 4. Be2 c6 5. d4 Qc7 6. Bf3 Bf5 7. Nge2 e6 8.
Bf4 Bd6 9. Qd2 Nf6 10. O-O-O Nbd7 11. Bxd6 Qxd6 12. Ng3 Bg6 13. h4 h6 14. h5
Bh7 15. Nce4 Nxe4 16. Bxe4 Bxe4 17. Nxe4 Qd5 18. f3 Nf6 19. Nc3 Qg5 20. Qxg5
hxg5 21. g4 O-O-O 22. Rhe1 Nd7 23. Ne4 Nf6 24. Nxg5 Rd7 25. c3 Nd5 26. Kc2 Nf4
27. c4 Rhd8 28. Re4 e5 29. Rh1 f6 30. Nh3 Nxh3 31. Rxh3 Rxd4 32. Rxd4 Rxd4 33.
b3 Kd7 34. Rg3 Ke6 35. g5 fxg5 36. Rxg5 Kf6 37. Rg6+ Kf7 38. Rg5 Kf6 39. Rg6+
Kf7 40. Rg5 1/2-1/2

[Event "III Memorial Aldo Perini A"]
[Site "Senigallia ITA"]
[Date "2009.08.05"]
[Round "5"]
[White "Stromboli, Ettore"]
[Black "Altini, Nicola"]
[Result "1-0"]
[WhiteElo "2272"]
[BlackElo "2078"]
[PlyCount "93"]
[EventDate "2009.08.01"]

1. e4 e5 2. Nf3 Nc6 3. Bb5 a6 4. Bxc6 dxc6 5. O-O Bg4 6. h3 h5 7. d3 Qf6 8. Be3
Bxf3 9. Qxf3 Qxf3 10. gxf3 O-O-O 11. Nd2 Bd6 12. Nc4 Ne7 13. Rfb1 Ng6 14. Kf1
Rd7 15. Ke2 Rf8 16. Rg1 Rh8 17. a4 c5 18. a5 Kd8 19. Nd2 Rh7 20. Nb3 h4 21. Kf1
Nf4 22. Bxf4 exf4 23. Rg5 f6 24. Rxc5 Bxc5 25. Nxc5 Re7 26. Nxb7+ Kc8 27. Nc5
Rh5 28. b4 f5 29. Nxa6 fxe4 30. dxe4 Re6 31. Nc5 Rg6 32. Ke2 Kb8 33. Nd3 Rhg5
34. Nxf4 Rg1 35. Nxg6 Rxa1 36. Nxh4 g5 37. Ng6 c5 38. bxc5 Rxa5 39. f4 gxf4 40.
Nxf4 Rxc5 41. Kd3 Kc8 42. c4 Ra5 43. Kd4 Ra2 44. Nd3 Kd7 45. c5 Ke6 46. f4 Rh2
47. f5+ 1-0

[Event "III Memorial Aldo Perini A"]
[Site "Senigallia ITA"]
[Date "2009.08.05"]
[Round "5"]
[White "Vinciguerra, Marco"]
[Black "Bernasconi, Roberto"]
[Result "1/2-1/2"]
[WhiteElo "2037"]
[BlackElo "1922"]
[PlyCount "71"]
[EventDate "2009.08.01"]

1. e4 e5 2. Bc4 Nf6 3. d4 exd4 4. Nf3 Nxe4 5. Qxd4 Nf6 6. Nc3 Be7 7. Bg5 O-O 8.
O-O-O c6 9. Rhe1 d5 10. Qh4 Nbd7 11. Bd3 h6 12. Bxh6 gxh6 13. Qxh6 Re8 14. Ng5
Nf8 15. Re3 Bd6 16. Rg3 Bf4+ 17. Kb1 Bxg3 18. hxg3 Qe7 19. Rh1 Qe1+ 20. Nd1
Qxh1 21. Qxh1 Bg4 22. f3 Bh5 23. b3 Re5 24. f4 Re7 25. Nf2 Rae8 26. Qh3 Be2 27.
Qh6 Bxd3 28. Nxd3 Ne4 29. Ne5 Nxg5 30. Qxg5+ Kh7 31. Ng4 Nd7 32. Qh6+ Kg8 33.
Qg5+ Kh7 34. Qh6+ Kg8 35. Qg5+ Kh7 36. Qh6+ 1/2-1/2

[Event "III Memorial Aldo Perini A"]
[Site "Senigallia ITA"]
[Date "2009.08.05"]
[Round "5"]
[White "Xia, Jie"]
[Black "Mandolini, Riccardo"]
[Result "1/2-1/2"]
[WhiteElo "2206"]
[BlackElo "1977"]
[PlyCount "105"]
[EventDate "2009.08.01"]

1. Nf3 d5 2. g3 Nf6 3. Bg2 c6 4. O-O Nbd7 5. d3 e5 6. e4 dxe4 7. dxe4 Qc7 8.
Qe2 Bc5 9. Nbd2 b5 10. a4 a6 11. Nb3 Ba7 12. Be3 O-O 13. Nh4 Bxe3 14. Qxe3 Nb6
15. Nc5 Nc4 16. Qc3 Qe7 17. Nd3 Re8 18. b3 Nd6 19. Rfe1 g6 20. Rad1 Bg4 21. f3
Nfxe4 22. fxe4 Bxd1 23. Rxd1 Rac8 24. Qxe5 Qxe5 25. Nxe5 Nxe4 26. Bxe4 Rxe5 27.
Bd3 Rd5 28. Ra1 Rd6 29. Nf3 Re8 30. axb5 cxb5 31. Nd2 f5 32. b4 Kg7 33. Nb3
Ree6 34. Nc5 Rf6 35. g4 Rd4 36. g5 Rg4+ 37. Kf2 Rxg5 38. Rxa6 Rh5 39. Kg2 Rg5+
40. Kf3 Rg4 41. c3 Rh4 42. Bxb5 Rh3+ 43. Kf4 Rxa6 44. Bxa6 Kf6 45. Nd7+ Ke6 46.
Nc5+ Kf6 47. Nd7+ Ke6 48. Nb6 Rxc3 49. b5 h6 50. h4 Rb3 51. Bc8+ Kd6 52. Nc4+
Ke7 53. Ne5 1/2-1/2

[Event "III Memorial Aldo Perini A"]
[Site "Senigallia ITA"]
[Date "2009.08.06"]
[Round "6"]
[White "Altini, Nicola"]
[Black "Neri, Angelo"]
[Result "1-0"]
[WhiteElo "2078"]
[BlackElo "1972"]
[PlyCount "20"]
[EventDate "2009.08.01"]

1. Nf3 f5 2. e4 fxe4 3. Ng5 Nf6 4. d3 e3 5. Bxe3 d5 6. d4 Bf5 7. Bd3 Qd7 8. Nc3
e6 9. Nf3 Bg4 10. h3 a6 1-0

[Event "III Memorial Aldo Perini A"]
[Site "Senigallia ITA"]
[Date "2009.08.06"]
[Round "6"]
[White "Amedeo, Riccardo"]
[Black "Patrucco, Carlo"]
[Result "0-1"]
[WhiteElo "2000"]
[BlackElo "1815"]
[PlyCount "58"]
[EventDate "2009.08.01"]

1. d4 Nf6 2. c4 c5 3. d5 b5 4. cxb5 a6 5. bxa6 Bxa6 6. Nf3 g6 7. g3 Bg7 8. Bg2
d6 9. O-O O-O 10. Nc3 Nbd7 11. Re1 Nb6 12. e4 Nfd7 13. Bf4 Nc4 14. Qc2 Qa5 15.
Bf1 Nxb2 16. e5 Bxf1 17. Kxf1 Qa6+ 18. Kg1 Nd3 19. Reb1 N7xe5 20. Nxe5 Nxe5 21.
Nb5 Nf3+ 22. Kg2 Bxa1 23. Rxa1 Qxb5 24. Kxf3 Ra3+ 25. Kg2 Qd3 26. Qb2 Qxd5+ 27.
Kg1 Rfa8 28. Bh6 Qd4 29. Qc1 Rxa2 0-1

[Event "III Memorial Aldo Perini A"]
[Site "Senigallia ITA"]
[Date "2009.08.06"]
[Round "6"]
[White "Bernasconi, Roberto"]
[Black "Frontini, Fabio"]
[Result "0-1"]
[WhiteElo "1922"]
[BlackElo "1943"]
[PlyCount "88"]
[EventDate "2009.08.01"]

1. e4 c6 2. d4 d5 3. Nd2 dxe4 4. Nxe4 Nf6 5. Nxf6+ gxf6 6. Nf3 Bg4 7. Be2 e6 8.
Bf4 Bd6 9. Qd2 Qc7 10. Bg3 Nd7 11. c4 O-O-O 12. O-O Bxg3 13. fxg3 f5 14. Rfd1
Nf6 15. Qe3 Kb8 16. a4 h5 17. Ra3 Bxf3 18. Qxf3 h4 19. Qf4 h3 20. Qxc7+ Kxc7
21. Rad3 hxg2 22. Kxg2 Rh6 23. Bf3 Rdh8 24. Rh1 Rg8 25. d5 e5 26. d6+ Kd7 27.
Rd2 e4 28. Bd1 f4 29. Rd4 f3+ 30. Bxf3 exf3+ 31. Kxf3 c5 32. Rd2 Ne8 33. Rd5
Rf6+ 34. Ke3 Nxd6 35. Rxc5 Re8+ 36. Kd3 Rf3+ 37. Kc2 Re2+ 38. Kc1 Rff2 39. h4
Rc2+ 40. Kd1 Rxb2 41. Kc1 Rfc2+ 42. Kd1 b6 43. Rg5 Rxc4 44. h5 Rb1+ 0-1

[Event "III Memorial Aldo Perini A"]
[Site "Senigallia ITA"]
[Date "2009.08.06"]
[Round "6"]
[White "Bortolussi, Andrea"]
[Black "Fontana, Enrico"]
[Result "1/2-1/2"]
[WhiteElo "1852"]
[BlackElo "2130"]
[PlyCount "67"]
[EventDate "2009.08.01"]

1. e4 c5 2. Nc3 Nc6 3. f4 g6 4. Nf3 Bg7 5. Bc4 e6 6. O-O Nge7 7. Qe1 Nd4 8.
Nxd4 cxd4 9. Ne2 d6 10. d3 O-O 11. Bb3 d5 12. Ng3 dxe4 13. dxe4 Qb6 14. Kh1 Bd7
15. Bd2 a5 16. a4 Rfe8 17. Rf3 Bc6 18. Rb1 Red8 19. Rd3 Qc7 20. f5 exf5 21.
exf5 Bd5 22. fxg6 hxg6 23. Bg5 Bxb3 24. Rxb3 Re8 25. Qf2 Nd5 26. Rf1 Ne3 27.
Bxe3 dxe3 28. Rxe3 Rxe3 29. Qxe3 Bxb2 30. Qb3 Be5 31. Ne4 Qe7 32. Qd5 Re8 33.
h3 b6 34. Ng5 1/2-1/2

[Event "III Memorial Aldo Perini A"]
[Site "Senigallia ITA"]
[Date "2009.08.06"]
[Round "6"]
[White "Calavalle, Giulio"]
[Black "Magini, Fabio"]
[Result "1-0"]
[WhiteElo "2228"]
[BlackElo "2005"]
[PlyCount "63"]
[EventDate "2009.08.01"]

1. e4 Nf6 2. Bc4 e5 3. Nc3 Nc6 4. d3 Bb4 5. Bd2 a6 6. Nge2 Na5 7. O-O Nxc4 8.
dxc4 O-O 9. Bg5 Be7 10. f4 Ng4 11. Qd2 c6 12. h3 Bxg5 13. fxg5 Qb6+ 14. Kh1 Ne3
15. Na4 Nxf1 16. Rxf1 Qc7 17. c5 Rb8 18. c4 b6 19. cxb6 Rxb6 20. Nxb6 Qxb6 21.
Ng3 d6 22. b3 Qc5 23. h4 Be6 24. Qe2 a5 25. h5 a4 26. h6 axb3 27. hxg7 Rb8 28.
axb3 Rxb3 29. Nh5 Qxc4 30. Qf2 Qc5 31. Qf6 Rb8 32. Qh6 1-0

[Event "III Memorial Aldo Perini A"]
[Site "Senigallia ITA"]
[Date "2009.08.06"]
[Round "6"]
[White "Corti, Corrado"]
[Black "Xia, Jie"]
[Result "0-1"]
[WhiteElo "2045"]
[BlackElo "2206"]
[PlyCount "68"]
[EventDate "2009.08.01"]

1. d4 Nf6 2. Nf3 g6 3. e3 Bg7 4. Bd3 O-O 5. O-O d6 6. Nbd2 Nc6 7. c3 e5 8. d5
Nxd5 9. e4 Nf4 10. Nc4 Be6 11. Ne3 h6 12. b3 d5 13. Ba3 Re8 14. Qc2 d4 15. cxd4
Nxd4 16. Nxd4 exd4 17. Nc4 Qg5 18. f3 Bh3 19. Rf2 b5 20. Nb2 a5 21. b4 Bf8 22.
Nd1 Nxd3 23. Qxd3 Be6 24. Bc1 Qf6 25. Qxb5 axb4 26. Bb2 c5 27. Ne3 Reb8 28. Qc6
Qd8 29. Nd5 Bxd5 30. Qxd5 Qxd5 31. exd5 Rd8 32. Rc2 Rxd5 33. Kf2 Rd7 34. Rc4
Rda7 0-1

[Event "III Memorial Aldo Perini A"]
[Site "Senigallia ITA"]
[Date "2009.08.06"]
[Round "6"]
[White "Danese, Aldo"]
[Black "Nepi, Ezio"]
[Result "1-0"]
[WhiteElo "1956"]
[BlackElo "1851"]
[PlyCount "83"]
[EventDate "2009.08.01"]

1. Nf3 c5 2. e4 d6 3. g3 Nf6 4. d3 g6 5. Bg2 Bg7 6. O-O O-O 7. c3 Nc6 8. Na3
Rb8 9. Nc2 b5 10. Qe2 b4 11. Bd2 Qb6 12. a3 a5 13. Ne3 Ba6 14. axb4 axb4 15. c4
Bb7 16. Rab1 Ra8 17. Nd5 Nxd5 18. exd5 Ne5 19. Ng5 Rfe8 20. f4 Nd7 21. h4 Nf6
22. Ne4 Ra2 23. Bc1 Bc8 24. Bf3 h5 25. Nf2 Qa7 26. g4 hxg4 27. Nxg4 Bxg4 28.
Bxg4 Nxg4 29. Qxg4 Bd4+ 30. Kh1 Kg7 31. f5 Qd7 32. f6+ exf6 33. Qxd7 Rh8 34.
Qg4 Raa8 35. Rf3 f5 36. Rxf5 Rae8 37. Bd2 b3 38. Bc3 Bxc3 39. bxc3 Rb8 40. Qg5
Rh7 41. Rb2 Kf8 42. Rf4 1-0

[Event "III Memorial Aldo Perini A"]
[Site "Senigallia ITA"]
[Date "2009.08.06"]
[Round "6"]
[White "Di Trapani, Davide"]
[Black "Burani, Eugenio"]
[Result "1-0"]
[WhiteElo "1883"]
[BlackElo "1993"]
[PlyCount "31"]
[EventDate "2009.08.01"]

1. e4 c5 2. Nf3 Nf6 3. e5 Nd5 4. d4 cxd4 5. Qxd4 e6 6. Bc4 Nc6 7. Qe4 f5 8. Qe2
Nc7 9. O-O d6 10. exd6 Qxd6 11. Rd1 Qb4 12. c3 Qb6 13. b4 Nd8 14. Be3 Qc6 15.
b5 Qe4 16. Rd4 1-0

[Event "III Memorial Aldo Perini A"]
[Site "Senigallia ITA"]
[Date "2009.08.06"]
[Round "6"]
[White "Faini, Marco"]
[Black "Grazzi, Roberto"]
[Result "0-1"]
[WhiteElo "1924"]
[BlackElo "2026"]
[PlyCount "88"]
[EventDate "2009.08.01"]

1. c4 e5 2. Nc3 d6 3. g3 f5 4. Bg2 Nf6 5. d3 Be7 6. e3 c6 7. Nge2 O-O 8. O-O
Na6 9. a3 Nc7 10. b4 Qe8 11. f4 Kh8 12. Rb1 Rb8 13. b5 cxb5 14. Nxb5 Nxb5 15.
Rxb5 a6 16. Rb3 b5 17. a4 b4 18. Rb1 a5 19. Nc3 Bb7 20. Nb5 Bxg2 21. Kxg2 Qc6+
22. Kg1 Nd7 23. Bb2 Bf6 24. Rf2 g6 25. Rd2 Nc5 26. Qc2 Rbe8 27. Ba1 Kg7 28. Rf2
Re7 29. Rd1 Rfe8 30. fxe5 dxe5 31. Rff1 Rd7 32. d4 exd4 33. exd4 Ne4 34. d5
Qc5+ 35. Kg2 Bxa1 36. Rxa1 Rxd5 37. Qb2+ Rde5 38. Rad1 Kg8 39. Qb3 Ng5 40. Rd5
Re2+ 41. Kh1 Qe7 42. Nd6 Rxh2+ 43. Kg1 Qe2 44. Rd2 Nh3# 0-1

[Event "III Memorial Aldo Perini A"]
[Site "Senigallia ITA"]
[Date "2009.08.06"]
[Round "6"]
[White "Ferrante, Marco"]
[Black "Gromovs, Sergejs"]
[Result "0-1"]
[WhiteElo "2128"]
[BlackElo "2339"]
[PlyCount "92"]
[EventDate "2009.08.01"]

1. e4 c5 2. Nf3 a6 3. Nc3 b5 4. d4 e6 5. Be3 cxd4 6. Nxd4 Bb7 7. Bd3 Nc6 8.
Nxc6 Bxc6 9. O-O Qc7 10. Qe2 Nf6 11. a3 h5 12. f4 Ng4 13. Bd4 Bb7 14. b4 Rc8
15. e5 d6 16. h3 dxe5 17. fxe5 Nh6 18. Ne4 Be7 19. Qxh5 g6 20. Qe2 Nf5 21. Rxf5
gxf5 22. Nd6+ Kf8 23. Qe3 Bxd6 24. exd6 Qc6 25. Bf1 Rg8 26. Qf2 Ke8 27. d7+
Qxd7 28. Rd1 Be4 29. Rd2 Rxc2 30. Rxc2 Bxc2 31. Bf6 Rg6 32. Qh4 Qd6 33. Qh8+
Qf8 34. Qh4 Be4 35. a4 Qh6 36. Qf2 Rxf6 37. axb5 Qc1 38. bxa6 Rg6 39. Kh2 Qc7+
40. g3 e5 41. b5 Rd6 42. Kg1 Rd4 43. h4 Qd6 44. Qe3 f4 45. gxf4 exf4 46. Qc3
Rd2 0-1

[Event "III Memorial Aldo Perini A"]
[Site "Senigallia ITA"]
[Date "2009.08.06"]
[Round "6"]
[White "Foglia, Maurizio"]
[Black "Bozzali, Ermanno"]
[Result "1-0"]
[WhiteElo "2140"]
[BlackElo "2080"]
[PlyCount "75"]
[EventDate "2009.08.01"]

1. d4 f5 2. Bf4 Nf6 3. e3 e6 4. Nf3 Nc6 5. Nbd2 d6 6. Bd3 Qe7 7. Bb5 Bd7 8. O-O
h6 9. c4 g5 10. Bg3 Bg7 11. c5 O-O 12. cxd6 cxd6 13. Nc4 Ne4 14. d5 exd5 15.
Qxd5+ Be6 16. Qd1 Rad8 17. Qe2 Nb4 18. Ba4 Rc8 19. Bb3 b5 20. Na5 Nc5 21. Bxe6+
Qxe6 22. Qxb5 Rb8 23. Qc4 f4 24. exf4 Qxc4 25. Nxc4 gxf4 26. Bh4 Bf6 27. Bxf6
Rxf6 28. a3 Nbd3 29. b4 Nb3 30. Rad1 d5 31. Nce5 Nxe5 32. Nxe5 Rd8 33. Rd3 Re6
34. Nf3 d4 35. Rxb3 d3 36. Rd1 d2 37. Rxd2 Rc8 38. h3 1-0

[Event "III Memorial Aldo Perini A"]
[Site "Senigallia ITA"]
[Date "2009.08.06"]
[Round "6"]
[White "Giuliani, Sante"]
[Black "Salvioli, Alessandro"]
[Result "1-0"]
[WhiteElo "1987"]
[BlackElo "1866"]
[PlyCount "53"]
[EventDate "2009.08.01"]

1. Nf3 Nf6 2. g3 g6 3. Bg2 Bg7 4. d3 d5 5. O-O O-O 6. Nbd2 c5 7. e4 Nc6 8. Re1
e6 9. c3 Rb8 10. e5 Nd7 11. d4 b5 12. Nf1 a5 13. Bg5 Qc7 14. Qd2 Nb6 15. Rab1
b4 16. h4 Nc4 17. Qf4 Ba6 18. N1h2 bxc3 19. bxc3 cxd4 20. cxd4 Nb4 21. Bf1 h5
22. g4 Kh7 23. gxh5 gxh5 24. Kh1 Rg8 25. Rxb4 Rxb4 26. Bd3+ Kh8 27. Bf6 1-0

[Event "III Memorial Aldo Perini A"]
[Site "Senigallia ITA"]
[Date "2009.08.06"]
[Round "6"]
[White "Iacoacci, Giancarlo"]
[Black "Pasquotto, Mirko"]
[Result "0-1"]
[WhiteElo "1770"]
[BlackElo "1922"]
[PlyCount "58"]
[EventDate "2009.08.01"]

1. d4 Nf6 2. Nf3 g6 3. Nc3 d5 4. Bf4 a6 5. e3 Bg7 6. Be2 O-O 7. Ne5 Be6 8. h4
Nfd7 9. g4 Nxe5 10. Bxe5 f6 11. Bf4 Bf7 12. Qd3 e5 13. dxe5 fxe5 14. Bg5 Qd6
15. h5 c6 16. O-O-O Nd7 17. f4 Qb4 18. a3 Qb6 19. Qd2 Nc5 20. f5 d4 21. hxg6
hxg6 22. fxg6 Bxg6 23. Bc4+ Rf7 24. exd4 exd4 25. Qh2 dxc3 26. b3 Qa5 27. Bxf7+
Bxf7 28. Qh7+ Kf8 29. Bh6 Qxa3+ 0-1

[Event "III Memorial Aldo Perini A"]
[Site "Senigallia ITA"]
[Date "2009.08.06"]
[Round "6"]
[White "Mandolini, Riccardo"]
[Black "Bonazzi, Edoardo"]
[Result "0-1"]
[WhiteElo "1977"]
[BlackElo "2183"]
[PlyCount "72"]
[EventDate "2009.08.01"]

1. Nc3 d5 2. e4 c6 3. Nf3 Bg4 4. h3 Bh5 5. exd5 cxd5 6. Bb5+ Nc6 7. d4 e6 8. g4
Bg6 9. Ne5 Rc8 10. h4 f6 11. Nxg6 hxg6 12. Qd3 Kf7 13. h5 gxh5 14. gxh5 Nge7
15. Bf4 Nf5 16. Bxc6 Rxc6 17. O-O-O Qa5 18. Qb5 Qxb5 19. Nxb5 a6 20. Nc3 Be7
21. Ne2 Rhc8 22. c3 b5 23. Kd2 b4 24. Kd3 bxc3 25. Nxc3 Ba3 26. Bc1 Rc4 27. Ne2
Bd6 28. b3 Rc2 29. Rd2 R2c6 30. Bb2 Bb4 31. Rdd1 Rc2 32. Bc3 R8xc3+ 33. Nxc3
Rxc3+ 34. Ke2 Rc2+ 35. Kf3 Rxa2 36. Rd3 Rc2 0-1

[Event "III Memorial Aldo Perini A"]
[Site "Senigallia ITA"]
[Date "2009.08.06"]
[Round "6"]
[White "Padovani, Alessio"]
[Black "Revinelli, Sergio"]
[Result "1/2-1/2"]
[WhiteElo "1991"]
[BlackElo "1856"]
[PlyCount "129"]
[EventDate "2009.08.01"]

1. d4 d5 2. Bf4 c5 3. e3 Nc6 4. c3 Qb6 5. Qb3 c4 6. Qc2 Bf5 7. Qc1 Qa5 8. Nf3
Nf6 9. Nh4 Bd7 10. Nd2 h6 11. Nhf3 Bf5 12. b4 Qd8 13. a4 b6 14. Ne5 Qc8 15. Be2
e6 16. Nxc6 Qxc6 17. h3 Bd6 18. Be5 a6 19. Nf3 Rc8 20. Bd1 Bd3 21. Bxd6 Qxd6
22. a5 b5 23. Nd2 O-O 24. Bc2 e5 25. Bxd3 cxd3 26. O-O Ne4 27. Nxe4 dxe4 28.
Qd2 f5 29. f4 exd4 30. exd4 Rc4 31. g4 Qe6 32. Rae1 g6 33. Qxd3 Qc8 34. Qd2
Rxc3 35. gxf5 gxf5 36. Rc1 Rc7 37. Kh2 Rff7 38. Rc5 Qd8 39. Rg1+ Kh7 40. Rxc7
Qxc7 41. Rc1 Qd8 42. Rg1 Qd6 43. Qe3 Rg7 44. Rxg7+ Kxg7 45. Qd2 Qd5 46. Qc3 Qc4
47. Qd2 Qd5 48. Kg3 Qb3+ 49. Kg2 Qf3+ 50. Kh2 Kf6 51. d5 e3 52. Qc3+ Kf7 53.
Qc7+ Kf8 54. Qc8+ Ke7 55. Qe6+ Kd8 56. Qf6+ Ke8 57. Qc6+ Kf8 58. Qc8+ Ke7 59.
Qb7+ Kf8 60. Qa8+ Kf7 61. Qb7+ Kf8 62. Qc8+ Ke7 63. Qe6+ Kd8 64. Qd6+ Ke8 65.
Qe6+ 1/2-1/2